Ultimate Pretty Little Liars quiz - Statistics

General Stats
  • This quiz has been taken 76 times
    72 since last reset
  • The average score is 30 of 51
Answer Stats
question Answer % Correct
How many seasons are there? 7
100%
what season does Toby become a police officer? 5
93%
how old was Sasha Pieterse when she got cast as Alison Dilaurentis? 13
91%
Who was the first A? Mona
90%
which of the liars was Alex drake's twin? Spencer
90%
Melissa was the sister of which liar? Spencer
90%
who other than Hanna, did Caleb date? Spencer
90%
who accidentally killed Shana in season 5 premiere? Aria
88%
who Remarried Byron and ella? Aria
88%
who was Hanna's main love interest? Caleb
84%
where had Aria's family been the previous year from the pilot? Iceland
84%
what sport did emily take part in for the 1st few seasons? Swimming
84%
which of the liars got married first in the show? to elliot rollins Ali
81%
who was emily's first girlfriend? Maya
79%
who did Byron cheat On Ella with? Meredith
79%
who was AD? Alex Drake
78%
which fictional town in Pennsylvania does the show take place? Rosewood
76%
who was melissa's brief Fiance and doctor to Mona while in radley? wren
76%
who did the liars accidentally cause to go blind? Jenna
74%
who was A number 2? revealed in season 6, name they 1st knew her as Cece
71%
which police officer was found in a car trunk at the end of season 3? Darren Wilden
71%
what was the name of Aria's younger brother? Mike
71%
Person Aria used as cover to see Ezra in season 2? Holden
67%
after the time jump, what does Ali do for work? Teacher
67%
how many did she write in the series? 16
66%
what month did the show end in 2017? June
60%
which liar did Lucy hale know before being cast as Aria? Ashley Benson
59%
what was the name of ALi's aunt? Mary
57%
which college had Ezra Graduated from before teaching? Hollis college
55%
which college did Byron Montgomery teach at? Hollis college
55%
which of the liars got married in real life to Patrick J Adams? Troian Bellisario
53%
How many years did the show jump forward in s6? 5 years
50%
who was Elliott rollins really? Archer Dunhill
47%
who was Aria in a relationship with after the time jump? Liam
45%
name of Ezra's girlfriend had got abducted after the time jump Nicole
45%
where did Emily meet Sara Harvey? dollhouse
43%
which former Charmed star became Aria's Mom? she played piper Halliwell holly marie combs
43%
what chicago based show held a mini PLL reunion with Ian Harding and Torrey Devitto? chicago Med
41%
what network did the show air on in the USA? abc family previously Freeform
38%
who was the head showrunner? I. Marlene King
38%
how did Noel Kahn die? accidentally done Beheaded
34%
who wrote the books the show is based on? Sara Shepherd
34%
what other teen show ended their series that year? aired on cw The vampire diaries
34%
above's actress also starred in vampire diaries Bianca Lawson
31%
how long were the liars in A's Dollhouse for in season 5? a month
29%
Ashley Benson and Shay mitchell's friend ship name Buttahbenzo
24%
what was the short lived spinoff called? Pretty little liars: the perfectionists
24%
after the time jump what did Ashley Marin transform the Radley sanitorium into? radley hotel
16%
above husband also guest appeared in S1 episode as which of ezra's friends at a reading? Hardy
14%
what episode did Adam lambert sing on in season 3? this is a dark ride
14%
what season 1 episode does Emily come out as gay? to her parents Moments Later
10%
No matching quizzes found
Score Distribution
Percent of People with Each Score
Percentile by Number Answered
Your Score History
You have not taken this quiz since the last reset